000 00403nam a22001697a 4500
003 MPLRDC
005 20220104123615.0
008 210129b ||||| |||| 00| 0 eng d
082 _a218 GTM
100 _a龚天民
245 _a现存世界十一宗教
_c
250 _a初版
260 _a
_b校园书房出版社
_c1991
300 _b
650 _a各宗教比较论
942 _cBK
_o218 GTM
999 _c12760
_d12750